| 000 | 01380nam a22003494a 4500 | ||
|---|---|---|---|
| 001 | ebr10014714 | ||
| 003 | CaPaEBR | ||
| 006 | m u | ||
| 007 | cr cn||||||||| | ||
| 008 | 010328s2001 ne a sb 001 0 eng | ||
| 010 | _z 2001035012 | ||
| 020 | _z1588110702 (hb. : alk. paper) | ||
| 040 |
_aCaPaEBR _cCaPaEBR |
||
| 035 | _a(OCoLC)70740775 | ||
| 050 | 1 | 4 |
_aP302 _b.S337 2001eb |
| 082 | 0 | 4 |
_a168 _221 |
| 100 | 1 | _aSchlesinger, I. M. | |
| 245 | 1 | 4 |
_aThe structure of arguments _h[electronic resource] / _cIzchak M. Schlesinger, Tamar Keren-Portnoy, Tamar Parush. |
| 260 |
_aAmsterdam ; _aPhiladelphia : _bJ. Benjamins Pub., _cc2001. |
||
| 300 |
_axix, 263 p. : _bill. |
||
| 490 | 1 |
_aHuman cognitive processing, _x1387-6724 ; _vv. 7 |
|
| 504 | _aIncludes bibliographical references (p. [239]-245) and indexes. | ||
| 533 |
_aElectronic reproduction. _bPalo Alto, Calif. : _cebrary, _d2013. _nAvailable via World Wide Web. _nAccess may be limited to ebrary affiliated libraries. |
||
| 650 | 0 | _aPersuasion (Rhetoric) | |
| 650 | 0 | _aReasoning. | |
| 655 | 7 |
_aElectronic books. _2local |
|
| 700 | 1 | _aKeren-Portnoy, Tamar. | |
| 700 | 1 | _aParush, Tamar. | |
| 710 | 2 | _aebrary, Inc. | |
| 830 | 0 |
_aHuman cognitive processing ; _vv. 7. |
|
| 856 | 4 | 0 |
_uhttp://site.ebrary.com/lib/rucke/Doc?id=10014714 _zAn electronic book accessible through the World Wide Web; click to view |
| 999 |
_c31087 _d31087 |
||